000 00472nam a2200169 i 4500
001 36361
003 ES-MaACL
005 20230906155344.0
007 t|
008 030218s1903 fr ||||1| fre d
100 1 _aBourget, Paul (
_d1852-1935)
_930991
245 1 0 _aCruelle enigme
_b: profils pardus /
_cPaul Bourget.
250 _aEditions définitive.
260 _aParis :
_bPlon, Nourrit et Cie,
_c[1903]
300 _a297 p. ;
_c19 cm.
852 _aES-MaACL
_jB-3335
999 _c36361
_d36361